000 00565nam a2200229Ia 4500
003 OSt
005 20220924153037.0
006 a|||||r|||| 00| 0
007 ta
008 220923b |||||||| |||| 00| 0 guj d
024 _a346595
037 _cTextual
040 _aARTS
_cARTS
_bguj
041 _2guj
_aguj
082 _aO156,3N16,29, K5
100 _aPetalikar
_9228032
245 0 _aLaksharuha
260 _c1965
650 _aGUJRATI LITERATURE
942 _hO156,3N16,29, K5
_cTEXL
_2CC
999 _c472136
_d472136